| 000 | 00388 a2200145 4500 | ||
|---|---|---|---|
| 020 | _aN/S | ||
| 040 | _aULA-LD-MS | ||
| 082 | _a658.3 | ||
| 100 |
_91100 _aPITINHO,Andre jutalo |
||
| 245 | _aA Influencia da Comunicaȯ̂ na Produtividade das Organizaė̳s | ||
| 260 |
_aLuanda . _bUniversidade Lusiada _c2020. |
||
| 300 | _a79p | ||
| 650 | _aGestô de Recursos Humanos | ||
| 942 | _cTFC | ||
| 999 |
_c2277 _d2277 |
||